000 00490nam a22001937a 4500
003 MPLRDC
005 20220104192352.0
008 210129b ||||| |||| 00| 0 eng d
020 _a978-986-6275-82-1
082 _a857.7 ZHF v.3
100 _a张海帆 (老夜)
245 _a五大贼王 3
_c
250 _a初版
260 _a台湾
_b奇幻基地出版
_c2012
300 _b
490 _a境外之城: 30
650 _a中国文学--长篇小说
942 _cBK
_o857.7 ZHF v.3
999 _c64685
_d64675